000 00550nam a2200181Ia 4500
999 _c22674
_d22674
003 OSt
005 20200519125654.0
008 190216s9999||||xx |||||||||||||| ||und||
020 _a9798172317224
040 _coclc
082 _a332.820917671
_bGAF/I
100 _a Gafur, A L M Abdul
_92436
245 0 _aInterest Free Commercial Banking /
_cA L M Abdul Gafur
250 _a1st Ed.
260 _bIslamic Book Service,
_aNew Delhi:
_c2006.
300 _a84p
942 _cBK
_2ddc
_h332.820917671
_iGAF/I
_k332.820917671
_mGAF/I